[Event "6. Lovsprings EMT Mesterklassen 1994"]
[Site "Ringsted"]
[Date "1994.03.27"]
[Round "1"]
[White "Larsen, Soren Dyberg"]
[Black "Pedersen, Hans Dahl"]
[Result "0-1"]
[WhiteElo "1912"]
[BlackElo "2197"]
[PlyCount "76"]
[EventDate "1994.??.??"]

1. e4 c5 2. Nc3 e6 3. g3 Nc6 4. Bg2 Nf6 5. Nge2 Be7 6. O-O O-O 7. d4 d6 8. h3
e5 9. dxc5 dxc5 10. Nd5 Nxd5 11. exd5 Nd4 12. c3 Nf5 13. b3 Qc7 14. Bb2 c4 15.
b4 Bd6 16. Kh2 Bd7 17. Bc1 a5 18. Bd2 Qb6 19. a3 Rfe8 20. Ng1 e4 21. Ne2 e3 22.
fxe3 Nxe3 23. Bxe3 Qxe3 24. Nf4 axb4 25. Rf3 Qe5 26. axb4 h5 27. Rxa8 Rxa8 28.
Qe2 h4 29. Qxe5 hxg3+ 30. Kxg3 Bxe5 31. Kf2 Ra2+ 32. Ne2 Rc2 33. Re3 Bf6 34.
Ke1 g6 35. Kd1 Ra2 36. Re4 Ra1+ 37. Kd2 Bg5+ 38. Kc2 Bf5 0-1

[Event "6. Lovsprings EMT Mesterklassen 1994"]
[Site "Ringsted"]
[Date "1994.03.27"]
[Round "1"]
[White "Rasmussen, Per Arnt"]
[Black "Elgaard, Brian"]
[Result "1-0"]
[WhiteElo "1994"]
[BlackElo "2167"]
[PlyCount "85"]
[EventDate "1994.??.??"]

1. e4 c5 2. Nf3 d6 3. Nc3 Nf6 4. d4 cxd4 5. Nxd4 a6 6. Be2 e5 7. Nb3 Be7 8. Be3
Nbd7 9. g4 h6 10. h4 b5 11. Qd2 Nb6 12. Bxb6 Qxb6 13. O-O-O b4 14. Nd5 Nxd5 15.
exd5 a5 16. Qe3 Bd8 17. Nd4 O-O 18. Nf5 Bxf5 19. gxf5 Qxe3+ 20. fxe3 e4 21. Bb5
Bf6 22. Rdg1 Ra7 23. Rg4 Re7 24. Bc6 Kh7 25. h5 Re5 26. Rf1 Rc8 27. Kd2 Rc7 28.
Rff4 Rce7 29. c4 Bg5 30. Rf1 g6 31. hxg6+ fxg6 32. fxg6+ Kxg6 33. Rf8 Rf5 34.
Be8+ Rxe8 35. Rxe8 Rf2+ 36. Kc1 a4 37. Rgxe4 a3 38. bxa3 bxa3 39. R8e6+ Kf5 40.
Rd4 Rxa2 41. Rd3 Bf6 42. e4+ Kg5 43. e5 1-0

[Event "6. Lovsprings EMT Mesterklassen 1994"]
[Site "Ringsted"]
[Date "1994.03.27"]
[Round "1"]
[White "Hald, Jens Erik"]
[Black "Madsen, Hans Henrik"]
[Result "1/2-1/2"]
[WhiteElo "2139"]
[BlackElo "2121"]
[PlyCount "97"]
[EventDate "1994.??.??"]

1. e4 c5 2. Nf3 Nc6 3. Bb5 Nf6 4. e5 Nd5 5. O-O g6 6. Re1 Bg7 7. Nc3 Nc7 8. Bf1
O-O 9. Nb5 a6 10. Na3 b5 11. c3 d5 12. d4 Bg4 13. Be3 cxd4 14. cxd4 Ne6 15. Nc2
Qb6 16. Qd2 Bxf3 17. gxf3 Na5 18. Nb4 Rfd8 19. b3 Nc6 20. Nxc6 Qxc6 21. Rac1
Qb6 22. Rc2 Rac8 23. Rec1 Rxc2 24. Rxc2 f6 25. f4 f5 26. Bg2 Bh6 27. Qc1 Qa5
28. Rc8 Kf7 29. Rxd8 Qxd8 30. Qc6 Nxf4 31. Bxf4 Bxf4 32. Bxd5+ Kg7 33. Qe6 Kh6
34. Kg2 Bg5 35. h3 Bh4 36. Qf7 Bg5 37. Bf3 Qh8 38. Qe6 Qd8 39. d5 Bf4 40. b4
Qb8 41. Qxe7 Qxe5 42. Qf8+ Qg7 43. Qd8 Qc7 44. Qf8+ Qg7 45. Qd8 Qc7 46. Qa8 Qd6
47. a3 Be5 48. Qc6 Kg7 49. Qb7+ 1/2-1/2

[Event "6. Lovsprings EMT Mesterklassen 1994"]
[Site "Ringsted"]
[Date "1994.03.27"]
[Round "1"]
[White "Arnkilde, Anders"]
[Black "Jorgensen, Brian"]
[Result "1-0"]
[WhiteElo "1955"]
[BlackElo "2193"]
[PlyCount "72"]
[EventDate "1994.??.??"]

1. e4 d6 2. Bc4 g6 3. Qf3 e6 4. d3 Bg7 5. Nc3 a6 6. a3 Nc6 7. Ba2 Nd4 8. Qd1 b5
9. Nf3 c5 10. O-O Ne7 11. Nxd4 cxd4 12. Ne2 Nc6 13. f4 f5 14. Ng3 O-O 15. exf5
gxf5 16. Nh5 Bh6 17. Qf3 Qc7 18. Bd2 Kh8 19. Rac1 Rg8 20. Rf2 Rg6 21. c4 b4 22.
axb4 Bb7 23. Qe2 Rag8 24. Ng3 Qb6 25. Qe1 Bf8 26. c5 dxc5 27. Bxe6 Rxg3 28.
hxg3 Rxg3 29. Bxf5 Qd8 30. Re2 Ne7 31. Qxg3 Nxf5 32. Qg5 Qd7 33. bxc5 Be7 34.
Rxe7 Nxe7 35. Re1 Nf5 36. Re5 Ng7 1-0

[Event "6. Lovsprings EMT Mesterklassen 1994"]
[Site "Ringsted"]
[Date "1994.03.27"]
[Round "1"]
[White "Carstensen, Jacob"]
[Black "Nielsen, Max"]
[Result "1/2-1/2"]
[WhiteElo "2027"]
[BlackElo "2086"]
[PlyCount "39"]
[EventDate "1994.??.??"]

1. d4 Nf6 2. c4 g6 3. Nc3 Bg7 4. e4 d6 5. Nf3 O-O 6. Be2 e5 7. dxe5 dxe5 8.
Qxd8 Rxd8 9. Bg5 c6 10. O-O Re8 11. Rfd1 h6 12. Be3 Na6 13. h3 Bf8 14. Bd3 Kg7
15. a3 Bc5 16. Bc1 Bd4 17. Ne2 c5 18. Ng3 Bd7 19. Nxd4 exd4 20. f4 1/2-1/2

[Event "6. Lovsprings EMT Mesterklassen 1994"]
[Site "Ringsted"]
[Date "1994.03.27"]
[Round "1"]
[White "Buhl, Poul"]
[Black "Nielsen, Per Henrik Axel"]
[Result "1/2-1/2"]
[WhiteElo "2012"]
[BlackElo "1957"]
[PlyCount "46"]
[EventDate "1994.??.??"]

1. c4 c5 2. g3 g6 3. Bg2 Bg7 4. e3 Nc6 5. Ne2 Nf6 6. O-O O-O 7. Nbc3 d6 8. b3
Bf5 9. d4 cxd4 10. Nxd4 Nxd4 11. exd4 Qd7 12. Re1 Bg4 13. Qd2 Rfe8 14. Bb2 Bh3
15. Bh1 h5 16. d5 h4 17. Ne4 Nxe4 18. Rxe4 hxg3 19. hxg3 Bf5 20. Rh4 Bxb2 21.
Qxb2 f6 22. Bf3 g5 23. Rh2 Kg7 1/2-1/2

[Event "6. Lovsprings EMT Mesterklassen 1994"]
[Site "Ringsted"]
[Date "1994.03.27"]
[Round "1"]
[White "Jensen, Leif"]
[Black "Christensen, Lars (1957)"]
[Result "1-0"]
[WhiteElo "2047"]
[BlackElo "2104"]
[PlyCount "41"]
[EventDate "1994.??.??"]

1. e4 c5 2. g3 g6 3. Bg2 Bg7 4. d3 Nc6 5. c3 d6 6. f4 e6 7. Nf3 Nge7 8. O-O Bd7
9. Be3 Rc8 10. Nbd2 b5 11. a4 b4 12. Nc4 Qc7 13. e5 dxe5 14. Bxc5 Nf5 15. cxb4
exf4 16. gxf4 a5 17. bxa5 Bf8 18. Bb6 Qxf4 19. Nfe5 Qg5 20. Qf3 Qe7 21. Nxc6
1-0

[Event "6. Lovsprings EMT Mesterklassen 1994"]
[Site "Ringsted"]
[Date "1994.04.03"]
[Round "2"]
[White "Jensen, Leif"]
[Black "Rasmussen, Per Arnt"]
[Result "0-1"]
[WhiteElo "2047"]
[BlackElo "1994"]
[PlyCount "114"]
[EventDate "1994.??.??"]

1. e4 c5 2. g3 Nc6 3. Bg2 e5 4. d3 h5 5. f4 d6 6. h3 h4 7. g4 exf4 8. Bxf4 g5
9. Be3 f6 10. c3 Nge7 11. Nf3 Ng6 12. O-O Be7 13. Nbd2 Bd7 14. d4 Qc7 15. Qc2
O-O-O 16. e5 Nf4 17. Bxf4 gxf4 18. exf6 Bxf6 19. d5 Ne5 20. Nxe5 Bxe5 21. Bf3
Rdf8 22. Rfe1 c4 23. Kg2 Rhg8 24. b3 cxb3 25. axb3 Kb8 26. Rac1 Bf5 27. Qa2 Bd3
28. c4 Bd4 29. Nf1 Qh7 30. Qd2 Bxf1+ 31. Kxf1 Be3 32. Rxe3 fxe3 33. Qxe3 Qf7
34. Kg2 Re8 35. Qd4 Rgf8 36. Rf1 Qf4 37. Qxf4 Rxf4 38. Rf2 Ref8 39. Rf1 R8f7
40. Rf2 Kc7 41. Rf1 a5 42. Be2 Kb6 43. Rxf4 Rxf4 44. Bf3 Kc5 45. Kf2 Kb4 46.
Ke3 Rf8 47. Bd1 Kc3 48. Ke4 Kd2 49. Bf3 b6 50. g5 Kc3 51. Bd1 Rf1 52. Bg4 Kxb3
53. g6 Rf8 54. Be6 Rb8 55. g7 a4 56. g8=Q Rxg8 57. Bxg8 a3 0-1

[Event "6. Lovsprings EMT Mesterklassen 1994"]
[Site "Ringsted"]
[Date "1994.04.03"]
[Round "2"]
[White "Pedersen, Hans Dahl"]
[Black "Arnkilde, Anders"]
[Result "1-0"]
[WhiteElo "2197"]
[BlackElo "1955"]
[PlyCount "147"]
[EventDate "1994.??.??"]

1. b3 e5 2. Bb2 Nc6 3. c4 d6 4. Nc3 Be6 5. e3 Nf6 6. Nf3 h6 7. d4 exd4 8. Nxd4
Nxd4 9. Qxd4 Be7 10. Be2 c6 11. O-O Qa5 12. Rfd1 Qe5 13. Bf3 Qxd4 14. Rxd4
O-O-O 15. Rad1 Ne8 16. R4d2 Bf6 17. Ne4 Bxb2 18. Rxb2 f5 19. Nc3 Nf6 20. Rbd2
Kc7 21. e4 g5 22. Re1 Rhe8 23. exf5 Bxf5 24. Red1 Re6 25. h3 h5 26. Ne2 Rde8
27. Nd4 Re1+ 28. Kh2 Bg6 29. g3 g4 30. hxg4 hxg4 31. Rxe1 Rxe1 32. Re2 Rxe2 33.
Bxe2 Kd7 34. f3 c5 35. Nb5 a6 36. Nc3 Bf5 37. Kg2 Ke6 38. Kf2 Ke5 39. Ke3 gxf3
40. Bxf3 Ng4+ 41. Kd2 Bc8 42. a4 b6 43. Nd5 Nh2 44. Be2 b5 45. Nb6 Bb7 46. cxb5
axb5 47. Bxb5 Nf3+ 48. Kc3 d5 49. a5 Nd4 50. Bd3 Ne6 51. a6 Bc6 52. a7 Nc7 53.
Na4 c4 54. Bxc4 dxc4 55. Kxc4 Bd5+ 56. Kb4 Kd6 57. Nb6 Bf3 58. Nc4+ Kd5 59. Ka5
Kc5 60. Ne5 Bd5 61. b4+ Kd6 62. Nd3 Kc6 63. b5+ Kb7 64. b6 Ne6 65. g4 Be4 66.
Ne5 Nf4 67. Nf7 Bf3 68. g5 Nd5 69. Nd6+ Ka8 70. g6 Ne7 71. g7 Bd5 72. Ne8 Nc6+
73. Ka4 Bg8 74. Nc7+ 1-0

[Event "6. Lovsprings EMT Mesterklassen 1994"]
[Site "Ringsted"]
[Date "1994.04.03"]
[Round "2"]
[White "Nielsen, Max"]
[Black "Madsen, Hans Henrik"]
[Result "1-0"]
[WhiteElo "2086"]
[BlackElo "2121"]
[PlyCount "55"]
[EventDate "1994.??.??"]

1. e4 c5 2. Nf3 Nc6 3. d4 cxd4 4. Nxd4 Nf6 5. Nc3 e6 6. Ndb5 d6 7. Bf4 e5 8.
Bg5 a6 9. Na3 Be7 10. Bxf6 gxf6 11. Nc4 f5 12. exf5 Bxf5 13. Ne3 Be6 14. Bc4
Bxc4 15. Nxc4 b5 16. Ne3 Nd4 17. Ncd5 Bg5 18. O-O Rg8 19. f4 exf4 20. Qxd4 fxe3
21. Nxe3 Bxe3+ 22. Qxe3+ Kf8 23. Qh6+ Rg7 24. Rad1 Qb6+ 25. Kh1 Rd8 26. Rd5 Kg8
27. Rg5 Qd4 28. c3 1-0

[Event "6. Lovsprings EMT Mesterklassen 1994"]
[Site "Ringsted"]
[Date "1994.04.03"]
[Round "2"]
[White "Carstensen, Jacob"]
[Black "Hald, Jens Erik"]
[Result "0-1"]
[WhiteElo "2027"]
[BlackElo "2139"]
[PlyCount "90"]
[EventDate "1994.??.??"]

1. d4 Nf6 2. c4 g6 3. Nc3 Bg7 4. Bg5 d6 5. e3 Nbd7 6. Nf3 h6 7. Bh4 O-O 8. Qc2
c6 9. Be2 Qe8 10. O-O g5 11. Bg3 Nh5 12. Nxg5 hxg5 13. Bxh5 Nf6 14. Be2 Nh7 15.
f4 e5 16. dxe5 dxe5 17. f5 Nf6 18. Ne4 Qe7 19. Nxf6+ Bxf6 20. e4 c5 21. Bf2 b6
22. Be3 Bb7 23. Rf3 Rfd8 24. Rg3 Kf8 25. h4 gxh4 26. Bh6+ Ke8 27. Qa4+ Qd7 28.
Rg8+ Ke7 29. Qxd7+ Rxd7 30. Rxa8 Bxa8 31. Bf3 Rd4 32. b3 Bxe4 33. Be3 Bxf5 34.
Bxd4 cxd4 35. Re1 Kd6 36. Bd5 Bg6 37. Rf1 Ke7 38. b4 Bg5 39. c5 bxc5 40. bxc5
Be3+ 41. Kh1 d3 42. c6 Bb6 43. Rc1 Kd6 44. Bb3 e4 45. Bd1 e3 0-1

[Event "6. Lovsprings EMT Mesterklassen 1994"]
[Site "Ringsted"]
[Date "1994.04.03"]
[Round "2"]
[White "Pedersen, Kim"]
[Black "Nielsen, Per Henrik Axel"]
[Result "1-0"]
[WhiteElo "2216"]
[BlackElo "1957"]
[PlyCount "69"]
[EventDate "1994.??.??"]

1. d4 Nf6 2. Nf3 g6 3. Nc3 c5 4. d5 d6 5. e4 Nbd7 6. Be2 Bg7 7. O-O O-O 8. a4
b6 9. Nd2 a6 10. f4 Bb7 11. Bc4 h6 12. Qe2 Ne8 13. Nf3 Nc7 14. Rd1 Kh7 15. Ra3
b5 16. axb5 axb5 17. Rxa8 Qxa8 18. Nxb5 Nxb5 19. Bxb5 Nb6 20. b3 Qa2 21. Qd3
Ra8 22. h4 Qa1 23. h5 Ba6 24. Bxa6 Qxa6 25. hxg6+ fxg6 26. c4 Qa1 27. e5 dxe5
28. fxe5 Bxe5 29. Be3 Bg3 30. Bxc5 Qf6 31. Bd4 Qd6 32. c5 Qxd5 33. cxb6 Rd8 34.
Rc1 e5 35. Rc7+ 1-0

[Event "6. Lovsprings EMT Mesterklassen 1994"]
[Site "Ringsted"]
[Date "1994.04.03"]
[Round "2"]
[White "Lynge, Michael"]
[Black "Buhl, Poul"]
[Result "1-0"]
[WhiteElo "2089"]
[BlackElo "2012"]
[PlyCount "53"]
[EventDate "1994.??.??"]

1. d4 Nf6 2. c4 g6 3. Nc3 Bg7 4. e4 d6 5. f4 O-O 6. Nf3 Na6 7. Bd3 Bg4 8. Be3
c6 9. h3 Bxf3 10. Qxf3 e5 11. fxe5 dxe5 12. d5 cxd5 13. cxd5 Nb4 14. Bb1 Qa5
15. O-O Nh5 16. a3 Rac8 17. Qf2 Nf4 18. axb4 Qxa1 19. Ba2 Nd3 20. Rxa1 Nxf2 21.
Bxf2 a6 22. Bb6 Bf6 23. Bc5 Rfd8 24. Na4 Kg7 25. Nb6 Rc7 26. Rf1 Be7 27. Rxf7+
1-0

[Event "6. Lovsprings EMT Mesterklassen 1994"]
[Site "Ringsted"]
[Date "1994.04.03"]
[Round "2"]
[White "Christensen, Lars (1957)"]
[Black "Elgaard, Brian"]
[Result "0-1"]
[WhiteElo "2104"]
[BlackElo "2167"]
[PlyCount "72"]
[EventDate "1994.??.??"]

1. e4 c6 2. d4 d5 3. exd5 cxd5 4. c3 Nc6 5. Nf3 g6 6. Be2 Bg7 7. O-O Nf6 8.
Nbd2 O-O 9. Ne5 Ne8 10. f4 Nd6 11. Qb3 Be6 12. Bf3 Na5 13. Qd1 f6 14. Nd3 Bf7
15. Re1 Re8 16. g4 Nc6 17. Nb3 e5 18. dxe5 fxe5 19. Nxe5 Nxe5 20. fxe5 Bxe5 21.
Rxe5 Rxe5 22. Bf4 Nc4 23. Bxe5 Nxe5 24. Qe2 Qb6+ 25. Kg2 Re8 26. Qd2 Qf6 27.
Nd4 h5 28. gxh5 gxh5 29. Qc2 Nxf3 30. Nxf3 Bg6 31. Qf2 Be4 32. Rf1 Rf8 33. h4
Qf5 34. Qg3+ Kh8 35. Qf2 Qg4+ 36. Kh2 Rxf3 0-1

[Event "6. Lovsprings EMT Mesterklassen 1994"]
[Site "Ringsted"]
[Date "1994.04.03"]
[Round "2"]
[White "Jorgensen, Brian"]
[Black "Larsen, Soren Dyberg"]
[Result "1/2-1/2"]
[WhiteElo "2193"]
[BlackElo "1912"]
[PlyCount "142"]
[EventDate "1994.??.??"]

1. c4 Nf6 2. Nc3 e6 3. Nf3 b6 4. g3 Bb7 5. Bg2 Be7 6. O-O O-O 7. b3 d6 8. Bb2
Nbd7 9. d4 Ne4 10. Qd3 Nxc3 11. Bxc3 Nf6 12. Nd2 Bxg2 13. Kxg2 d5 14. e4 Nxe4
15. Nxe4 dxe4 16. Qxe4 Bf6 17. Rad1 Re8 18. Rd3 Qe7 19. Rfd1 Rad8 20. Bd2 c5
21. Be3 Bxd4 22. Bxd4 cxd4 23. Rxd4 Rxd4 24. Qxd4 h6 25. Qd7 Kf8 26. Qc6 Rd8
27. Rxd8+ Qxd8 28. c5 bxc5 29. Qxc5+ Qe7 30. Qc8+ Qe8 31. Qc5+ Qe7 32. Qc8+ Qe8
33. Qb7 a5 34. Kf3 Qd8 35. Ke2 Qd4 36. Qc8+ Ke7 37. Qc7+ Ke8 38. Qc8+ Ke7 39.
Qc7+ Ke8 40. Qc6+ Ke7 41. Qb7+ Kf6 42. Qf3+ Ke7 43. Qe3 Qb2+ 44. Qd2 Qe5+ 45.
Kd3 Qc5 46. Qb2 Qf5+ 47. Ke2 Qe4+ 48. Kd2 Qd5+ 49. Ke3 Qc5+ 50. Qd4 Qc1+ 51.
Kf3 Qc6+ 52. Qe4 Qc3+ 53. Kg2 Qd2 54. a3 Qc3 55. Qb7+ Ke8 56. b4 axb4 57. axb4
Qd4 58. h4 e5 59. b5 e4 60. b6 e3 61. Qc6+ Qd7 62. Qa8+ Ke7 63. Qa3+ Qd6 64.
Qxe3+ Kd7 65. Qf3 Qc6 66. g4 Qxf3+ 67. Kxf3 Kc6 68. Kf4 Kxb6 69. Ke5 Kc6 70. f4
Kd7 71. h5 Ke7 1/2-1/2

[Event "6. Lovsprings EMT Mesterklassen 1994"]
[Site "Ringsted"]
[Date "1994.04.10"]
[Round "3"]
[White "Nielsen, Max"]
[Black "Hald, Jens Erik"]
[Result "1-0"]
[WhiteElo "2086"]
[BlackElo "2139"]
[PlyCount "83"]
[EventDate "1994.??.??"]

1. e4 c5 2. Nf3 Nc6 3. d4 cxd4 4. Nxd4 Qc7 5. Nb5 Qb8 6. c4 Nf6 7. N5c3 b6 8.
Be2 Bb7 9. Be3 e6 10. O-O h5 11. f4 g5 12. fxg5 Ng4 13. Bxg4 hxg4 14. Bf4 Bc5+
15. Kh1 g3 16. h3 Qd8 17. Qg4 Qe7 18. Qxg3 O-O-O 19. Nd2 Rdg8 20. Nb3 f6 21.
gxf6 Qxf6 22. Qh2 Qg6 23. Nxc5 bxc5 24. Bd6 Rh5 25. Rf8+ Rxf8 26. Bxf8 Nd4 27.
Re1 Qf6 28. Bd6 Qf2 29. Qg3 Qxg3 30. Bxg3 Rg5 31. Kh2 Nc2 32. Rf1 Bc6 33. Bf4
Rg8 34. Rc1 Nd4 35. Bd6 Nf5 36. Bxc5 Nh4 37. Rg1 a6 38. b3 Ng6 39. Rf1 Kb7 40.
g3 Ne5 41. Kg2 Nd3 42. Bd6 1-0

[Event "6. Lovsprings EMT Mesterklassen 1994"]
[Site "Ringsted"]
[Date "1994.04.10"]
[Round "3"]
[White "Rasmussen, Per Arnt"]
[Black "Pedersen, Hans Dahl"]
[Result "1/2-1/2"]
[WhiteElo "1994"]
[BlackElo "2197"]
[PlyCount "90"]
[EventDate "1994.??.??"]

1. d4 f5 2. g3 Nf6 3. Bg2 g6 4. c4 Bg7 5. Nf3 d6 6. O-O O-O 7. d5 c6 8. Nc3
cxd5 9. cxd5 Qb6 10. Qb3 Qxb3 11. axb3 Na6 12. Rd1 Nc5 13. Nd2 Bd7 14. Ra3 Rfc8
15. Ndb1 a5 16. Na4 Nxb3 17. Nb6 Nxc1 18. Nc3 Rxc3 19. bxc3 Nxe2+ 20. Kf1 Nxg3+
21. hxg3 Ra7 22. Rda1 a4 23. Bf3 Ra6 24. Nxa4 Bb5+ 25. Kg2 Ne4 26. Bxe4 fxe4
27. Nb2 Bxc3 28. Rxa6 bxa6 29. Ra2 Kf7 30. Nd1 Bd4 31. Ne3 Bxe3 32. fxe3 Kf6
33. Rf2+ Ke5 34. Rf7 Kxd5 35. Rxe7 a5 36. Rxh7 a4 37. Rg7 Kc4 38. Rxg6 a3 39.
Rxd6 Kc3 40. g4 a2 41. Rd1 Be2 42. Ra1 Kb2 43. Rxa2+ Kxa2 44. Kg3 Kb3 45. Kf4
Kc4 1/2-1/2

[Event "6. Lovsprings EMT Mesterklassen 1994"]
[Site "Ringsted"]
[Date "1994.04.10"]
[Round "3"]
[White "Pedersen, Kim"]
[Black "Jensen, Leif"]
[Result "1/2-1/2"]
[WhiteElo "2216"]
[BlackElo "2047"]
[PlyCount "30"]
[EventDate "1994.??.??"]

1. d4 d5 2. Nf3 Nf6 3. Bf4 c6 4. e3 Bf5 5. Nbd2 e6 6. Nh4 Bg6 7. Nxg6 hxg6 8.
h3 Bd6 9. Qf3 Bxf4 10. Qxf4 Nbd7 11. Bd3 Qb8 12. Qxb8+ Rxb8 13. f4 c5 14. c3
Ke7 15. Kf2 cxd4 1/2-1/2

[Event "6. Lovsprings EMT Mesterklassen 1994"]
[Site "Ringsted"]
[Date "1994.04.10"]
[Round "3"]
[White "Arnkilde, Anders"]
[Black "Lynge, Michael"]
[Result "0-1"]
[WhiteElo "1955"]
[BlackElo "2089"]
[PlyCount "84"]
[EventDate "1994.??.??"]

1. e4 e6 2. Qe2 c5 3. g3 b6 4. Bg2 Bb7 5. Nf3 Nc6 6. c3 Qc7 7. d3 Nf6 8. O-O d6
9. Re1 Be7 10. b3 O-O 11. Bb2 a6 12. Nbd2 b5 13. Rac1 a5 14. d4 b4 15. dxc5
dxc5 16. e5 Nd7 17. Nc4 a4 18. cxb4 axb3 19. b5 Na5 20. a3 Bd5 21. Ne3 Bb7 22.
Bf1 Nb6 23. Nd2 Rfd8 24. Ndc4 Naxc4 25. Nxc4 Nxc4 26. Qxc4 Bd5 27. Qg4 Qb6 28.
Bd3 Rdc8 29. Qh5 g6 30. Qe2 Ra4 31. Qe3 Qb7 32. Rc3 c4 33. Rec1 Qxb5 34. Bf1
Bc5 35. Qf4 Bb6 36. g4 Ba5 37. Rh3 c3 38. Bxb5 Rxf4 39. Rhxc3 Bxc3 40. Bxc3
Rxg4+ 41. Kf1 Bc4+ 42. Bxc4 Rgxc4 0-1

[Event "6. Lovsprings EMT Mesterklassen 1994"]
[Site "Ringsted"]
[Date "1994.04.10"]
[Round "3"]
[White "Madsen, Hans Henrik"]
[Black "Elgaard, Brian"]
[Result "0-1"]
[WhiteElo "2121"]
[BlackElo "2167"]
[PlyCount "90"]
[EventDate "1994.??.??"]

1. d4 g6 2. Nf3 Bg7 3. c3 f5 4. Qb3 Nf6 5. Bf4 e6 6. Nbd2 O-O 7. e3 Nc6 8. Ne5
Nxe5 9. Bxe5 d6 10. Bxf6 Qxf6 11. g3 Kh8 12. Bg2 Rb8 13. O-O Bd7 14. f4 e5 15.
Rae1 a5 16. Nf3 e4 17. Nd2 a4 18. Qc2 Rfc8 19. Rf2 c5 20. dxc5 Rxc5 21. Bf1 a3
22. Nb3 Ba4 23. Rd1 d5 24. Rd4 Bxb3 25. Qxb3 axb2 26. Rxb2 Qc6 27. Rd1 Bxc3 28.
Rbb1 b5 29. h4 Kg7 30. Be2 h6 31. Kf2 b4 32. a3 Ra5 33. a4 Rd8 34. Bb5 Qc5 35.
Rbc1 Ra7 36. h5 g5 37. fxg5 hxg5 38. Rf1 Rf7 39. Rcd1 f4 40. gxf4 gxf4 41. Kg2
Qxe3 42. Rf2 Qg3+ 43. Kf1 f3 44. h6+ Kh7 45. Rxd5 Qh3+ 0-1

[Event "6. Lovsprings EMT Mesterklassen 1994"]
[Site "Ringsted"]
[Date "1994.04.10"]
[Round "3"]
[White "Nielsen, Per Henrik Axel"]
[Black "Carstensen, Jacob"]
[Result "0-1"]
[WhiteElo "1957"]
[BlackElo "2027"]
[PlyCount "86"]
[EventDate "1994.??.??"]

1. d4 Nf6 2. c4 e6 3. a3 c5 4. e3 b6 5. Nf3 Bb7 6. Be2 Be7 7. Nc3 cxd4 8. exd4
d5 9. Ne5 dxc4 10. Bf3 Nd5 11. Qa4+ Nd7 12. Ne4 Qc7 13. O-O a6 14. Nxd7 b5 15.
Qc2 Qxd7 16. Re1 O-O 17. h4 Bxh4 18. g3 Be7 19. Kg2 f5 20. Nc5 Bxc5 21. dxc5
Qc6 22. Qe2 e5 23. Kg1 e4 24. Bg2 Qxc5 25. b4 cxb3 26. Qh5 Nf6 27. Qg5 Ng4 28.
Re2 Rad8 29. Bb2 Rd7 30. a4 b4 31. Rae1 Ne5 32. Bxe4 Bxe4 33. Bxe5 Qxe5 34.
Rxe4 Qxe4 35. Rxe4 fxe4 36. Qe5 Rdf7 37. Qb2 Rf3 38. Kh1 Rxf2 39. Qxb3+ Kh8 40.
Qe3 Ra2 41. Qe1 e3 42. Kg1 e2 43. Kg2 Rf1 0-1

[Event "6. Lovsprings EMT Mesterklassen 1994"]
[Site "Ringsted"]
[Date "1994.04.10"]
[Round "3"]
[White "Jorgensen, Brian"]
[Black "Buhl, Poul"]
[Result "1-0"]
[WhiteElo "2193"]
[BlackElo "2012"]
[PlyCount "107"]
[EventDate "1994.??.??"]

1. d4 Nf6 2. c4 g6 3. Nc3 Bg7 4. e4 d6 5. f4 O-O 6. Nf3 c6 7. Be2 Na6 8. O-O
Bg4 9. Be3 Re8 10. e5 Nd7 11. h3 Bxf3 12. Bxf3 Qc7 13. Kh1 Rad8 14. Qe1 Nf8 15.
Qf2 b6 16. Bd1 dxe5 17. fxe5 f5 18. Ba4 e6 19. Rad1 h6 20. Qf3 Nb8 21. g4 Re7
22. h4 Rf7 23. Qg2 a6 24. Bc2 c5 25. h5 cxd4 26. hxg6 Nxg6 27. gxf5 dxe3 28.
Qxg6 Rxd1 29. Rxd1 exf5 30. Bxf5 Qc6+ 31. Qxc6 Nxc6 32. Be6 Kf8 33. Bxf7 Kxf7
34. Rd7+ Kf8 35. Kg2 Bxe5 36. Rb7 Bd4 37. Ne2 Bc5 38. b3 a5 39. Rc7 Nb4 40. a3
Nc2 41. a4 Na1 42. b4 Bxb4 43. Nd4 Nb3 44. Ne6+ Kg8 45. Kf3 Nc5 46. Nf4 Bd2 47.
Nd5 Nxa4 48. Nxe3 Nc3 49. Ng4 Bg5 50. c5 Nd5 51. Rd7 bxc5 52. Rxd5 Be7 53.
Nxh6+ Kf8 54. Nf5 1-0

[Event "6. Lovsprings EMT Mesterklassen 1994"]
[Site "Ringsted"]
[Date "1994.04.10"]
[Round "3"]
[White "Christensen, Lars (1957)"]
[Black "Larsen, Soren Dyberg"]
[Result "1-0"]
[WhiteElo "2104"]
[BlackElo "1912"]
[PlyCount "49"]
[EventDate "1994.??.??"]

1. e4 e6 2. Nf3 d5 3. e5 c5 4. b4 cxb4 5. d4 Ne7 6. a3 Ng6 7. h4 Be7 8. h5 Nf8
9. axb4 Bxb4+ 10. c3 Be7 11. Bd3 Nc6 12. Qe2 Nd7 13. Na3 Nb6 14. Rh3 a6 15. Nc2
Bd7 16. Rg3 g6 17. Ng5 Bxg5 18. Bxg5 Qc7 19. Qf3 Rg8 20. h6 Nxe5 21. dxe5 Qxc3+
22. Kf1 Qxe5 23. Re1 Qc7 24. Qf6 Bc6 25. Rxe6+ 1-0

[Event "6. Lovsprings EMT Mesterklassen 1994"]
[Site "Ringsted"]
[Date "1994.04.24"]
[Round "4"]
[White "Rasmussen, Per Arnt"]
[Black "Nielsen, Max"]
[Result "0-1"]
[WhiteElo "1994"]
[BlackElo "2086"]
[PlyCount "98"]
[EventDate "1994.??.??"]

1. e4 c5 2. Nf3 Nc6 3. Nc3 Nf6 4. d4 cxd4 5. Nxd4 e5 6. Ndb5 d6 7. Bg5 a6 8.
Na3 b5 9. Bxf6 gxf6 10. Nd5 Bg7 11. c3 O-O 12. g3 Ne7 13. Nc2 f5 14. Bg2 Nxd5
15. exd5 a5 16. O-O Qb6 17. a3 Bd7 18. Kh1 Qd8 19. f4 Rc8 20. Qd2 Bh6 21. Ne3
Kh8 22. Qd3 e4 23. Qd2 Bg7 24. Rfe1 Qf6 25. Rab1 Qg6 26. Bf1 Rb8 27. Nc2 Qf6
28. Ne3 Rfc8 29. Red1 h6 30. Be2 Kh7 31. Nc2 Rc5 32. Na1 Rcc8 33. Nb3 b4 34.
Nxa5 bxc3 35. bxc3 Rxb1 36. Rxb1 Rxc3 37. Nc4 e3 38. Nxe3 Qe7 39. Ng2 Qe4 40.
Qd1 Ba4 41. Qf1 Qxd5 42. Bd1 Bc6 43. a4 Qe4 44. Be2 Rc2 45. Re1 Bc3 46. Bd3
Qxg2+ 47. Qxg2 Bxg2+ 48. Kg1 Bd4+ 49. Re3 Bxe3# 0-1

[Event "6. Lovsprings EMT Mesterklassen 1994"]
[Site "Ringsted"]
[Date "1994.04.24"]
[Round "4"]
[White "Lynge, Michael"]
[Black "Pedersen, Hans Dahl"]
[Result "1/2-1/2"]
[WhiteElo "2089"]
[BlackElo "2197"]
[PlyCount "25"]
[EventDate "1994.??.??"]

1. d4 d5 2. c4 c6 3. Nc3 Nf6 4. Nf3 e6 5. Bg5 Nbd7 6. cxd5 cxd5 7. e3 a6 8. Bd3
Be7 9. O-O b5 10. a3 Bb7 11. Qe2 O-O 12. Rac1 Rc8 13. Bb1 1/2-1/2

[Event "6. Lovsprings EMT Mesterklassen 1994"]
[Site "Ringsted"]
[Date "1994.04.24"]
[Round "4"]
[White "Elgaard, Brian"]
[Black "Pedersen, Kim"]
[Result "0-1"]
[WhiteElo "2167"]
[BlackElo "2216"]
[PlyCount "90"]
[EventDate "1994.??.??"]

1. c4 e6 2. Nc3 d5 3. cxd5 exd5 4. d4 c6 5. Nf3 Nf6 6. Bf4 Bd6 7. Bg3 Ne4 8. e3
f5 9. Bxd6 Qxd6 10. Ne5 O-O 11. f4 Nd7 12. Nxe4 fxe4 13. Nxd7 Bxd7 14. Rc1 g5
15. g3 gxf4 16. gxf4 Kh8 17. Kd2 Qb4+ 18. Kc2 Qa4+ 19. Kb1 Qxd1 20. Rxd1 Rg8
21. Rd2 Rg6 22. Rf2 Rag8 23. Be2 Bh3 24. Kc2 Rg1 25. Rxg1 Rxg1 26. Kc3 Kg7 27.
b4 a6 28. Kb3 Rb1+ 29. Kc3 Re1 30. Kb2 Kf6 31. a3 h5 32. Bxh5 Rxe3 33. Be2 Kg6
34. a4 Kf6 35. Ka2 a5 36. bxa5 c5 37. dxc5 Rc3 38. a6 bxa6 39. Bxa6 Rxc5 40.
Bb7 Bc8 41. Bxc8 Rxc8 42. Kb2 d4 43. Rc2 Rb8+ 44. Kc1 Kf5 45. Rc4 d3 0-1

[Event "6. Lovsprings EMT Mesterklassen 1994"]
[Site "Ringsted"]
[Date "1994.04.24"]
[Round "4"]
[White "Hald, Jens Erik"]
[Black "Jensen, Leif"]
[Result "1-0"]
[WhiteElo "2139"]
[BlackElo "2047"]
[PlyCount "45"]
[EventDate "1994.??.??"]

1. e4 e6 2. d3 d5 3. Nd2 dxe4 4. dxe4 Nf6 5. Ngf3 Bc5 6. Be2 O-O 7. O-O b6 8.
c3 a5 9. Qc2 Ba6 10. Bxa6 Nxa6 11. e5 Nd5 12. Ne4 h6 13. a3 Re8 14. c4 Ne7 15.
Bxh6 Nf5 16. Rad1 Qc8 17. Bg5 Be7 18. g4 Bxg5 19. Nfxg5 Nh6 20. Nf6+ gxf6 21.
Qh7+ Kf8 22. Qxh6+ Ke7 23. exf6# 1-0